Mladohradištní kostrové pohřebiště ve Velkých Hostěrádkách, (o. Břeclav) /
Uložené v:
| Hlavní autori: | , |
|---|---|
| Médium: | Kniha |
| Jazyk: | Czech |
| Vydané: |
Praha :
Akademia,
1974.
|
| Vydanie: | 1. vyd. |
| Edícia: | Studie Archeologického ústavu Československé akademie věd v Brně
ročník II/1975. svazek 4 |
| ISBN: |
(brož.) |
| Fyzický popis: |
103 s. |
| Tagy: |
Pridať tag
Žiadne tagy, Buďte prvý kto otaguje tento záznam!
|
Titul je dostupný aj v ... 

MARC
| LEADER | 00000nam a22000001i 4500 | ||
|---|---|---|---|
| 001 | 000516239 | ||
| 005 | 20160731230339.0 | ||
| 008 | 970424 1974 xr e cze d | ||
| 020 | |a (brož.) |z Kčs 16,00 | ||
| 040 | |a SVKKK |b slo |c SVKKK |e AACR2 | ||
| 041 | 0 | |a cze | |
| 044 | |a xr |c CZ | ||
| 100 | 1 | |a Ludikovský, Karel |d 1923-1979 |4 aut | |
| 245 | 1 | 0 | |a Mladohradištní kostrové pohřebiště ve Velkých Hostěrádkách, (o. Břeclav) / |c Karel Ludikovský, Robert Snášil. |
| 250 | |a 1. vyd. | ||
| 260 | |a Praha : |b Akademia, |c 1974. | ||
| 300 | |a 103 s. | ||
| 366 | |e 800 výtisků | ||
| 490 | 1 | |a Studie Archeologického ústavu Československé akademie věd v Brně |v ročník II/1975. svazek 4 | |
| 500 | |a V tiráži vročení 1975 | ||
| 504 | |a Obsahuje bibliografii a bibliografické odkazy | ||
| 700 | 1 | |a Snášil, Robert |d 1939- |4 aut | |
| 830 | 0 | |a Studie Archeologického ústavu Československé akademie věd v Brně |v ročník II/1975. svazek 4 | |
| 910 | |a svkkk | ||
| 998 | |a BK | ||
| 090 | |g SCKHL |k Sklad Pribinova 1. posch. |a IV.82881 |j 528151 |i 516239-10 |s Absenčne | ||